| 000 | 01481nam a2200361Ia 4500 | ||
|---|---|---|---|
| 001 | ebr10058192 | ||
| 003 | CaPaEBR | ||
| 006 | m u | ||
| 007 | cr cn||||||||| | ||
| 008 | 960614s1997 enka sb 001 0 eng d | ||
| 010 | _z 96026288 | ||
| 020 | _z0203441834 | ||
| 020 | _z041515054X (alk. paper) | ||
| 020 | _z0415150558 (pbk. : alk. paper) | ||
| 040 |
_aCaPaEBR _cCaPaEBR |
||
| 035 | _a(OCoLC)51821366 | ||
| 050 | 1 | 4 |
_aHD5764.A6 _bN48 1997eb |
| 082 | 0 | 4 |
_a331.13.794 _220 |
| 245 | 0 | 4 |
_aThe new politics of unemployment _h[electronic resource] : _bradical policy initiatives in Western Europe / _cedited by Hugh Compston. |
| 246 | 3 | 0 | _aRadical policy initiatives in Western Europe |
| 260 |
_aLondon ; _aNew York : _bRoutledge, _c1997. |
||
| 300 |
_axii, 222 p. : _bill. |
||
| 490 | 1 | _aEuropean political science series | |
| 504 | _aIncludes bibliographical references and index. | ||
| 533 |
_aElectronic reproduction. _bPalo Alto, Calif. : _cebrary, _d2009. _nAvailable via World Wide Web. _nAccess may be limited to ebrary affiliated libraries. |
||
| 650 | 0 |
_aFull employment policies _zEurope _vCase studies. |
|
| 650 | 0 |
_aUnemployment _zEurope _vCase studies. |
|
| 655 | 7 |
_aElectronic books. _2local |
|
| 700 | 1 |
_aCompston, Hugh, _d1955- |
|
| 710 | 2 | _aebrary, Inc. | |
| 830 | 0 | _aEuropean political science series. | |
| 856 | 4 | 0 |
_uhttp://site.ebrary.com/lib/rucke/Doc?id=10058192 _zAn electronic book accessible through the World Wide Web; click to view |
| 999 |
_c171428 _d171428 |
||